Análisis del nivel de servicio de transporte público en autobuses según su accesibilidad para la ciudad de San Ramón, Alajuela

Guardado en:
書目詳細資料
主要作者: Paniagua Pacheco, Pedro Pablo, 1995-
其他作者: Agüero Valverde, Jonathan Gerardo, 1976- Director del TFG
格式: 圖書
語言:Spanish
出版: San José, Costa Rica 2022.
主題:
標簽: 添加標簽
沒有標簽, 成為第一個標記此記錄!

MARC

LEADER 00000nam a2200000Ia 4500
003 013437
005 20230329141646.0
008 140116s2022 cr a 000 ||spa d
040 |c cru CEDI 
100 |a Paniagua Pacheco, Pedro Pablo, 1995-  |9 204 
245 |a Análisis del nivel de servicio de transporte público en autobuses según su accesibilidad para la ciudad de San Ramón, Alajuela  
260 |a San José, Costa Rica  |c 2022. 
500 |a Proyecto de graduación (licenciatura en ingeniería civil)--Universidad de Costa Rica. Facultad de Ingeniería. Escuela de Ingeniería Civil. Departamento. Transportes 
501 |a Director de Proyecto de Graduación: Ing. Jonathan Agüero Valverde, Ph.D 
650 |x TIEMPO - MEDICIONES - SISTEMAS DE INFORMACION GEOGRAFICA   |x SAN RAMON (ALAJUELA, COSTA RICA) - DISTANCIAS - MEDICIONES  |x INGENIERÍA DEL TRANSPORTE  |x AUTOBUSES - ORGANIZACION - SAN RAMON (ALAJUELA, COSTA RICA)   |x TRANSPORTE PUBLICO - EVALUACION - SAN RAMON (ALAJUELA, COSTA RICA)  |y ACCESO A LA INFORMACION  
700 |9 205  |a Agüero Valverde, Jonathan Gerardo, 1976-  |d  Director del TFG 
942 |c CEDI  |h TFG 8588  |6 TFG_8588_000000000000000 
999 |c 21939  |d 21939